AH International Schools' Libraries

Hot mess / (Record no. 49808)

MARC details
000 -LEADER
fixed length control field 00416nam a2200145 4500
020 ## - INTERNATIONAL STANDARD BOOK NUMBER
International Standard Book Number 9780241618172
100 ## - MAIN ENTRY--PERSONAL NAME
Personal name Kinney, Jeff.
245 ## - TITLE STATEMENT
Title Hot mess /
Statement of responsibility, etc Jeff Kinney.
260 ## - PUBLICATION, DISTRIBUTION, ETC. (IMPRINT)
Place of publication, distribution, etc UK:
Name of publisher, distributor, etc Puffin;
Date of publication, distribution, etc 2025.
300 ## - PHYSICAL DESCRIPTION
Extent 217 p.
Other physical details black and white illustrations.
Dimensions 20 cm.
490 ## - SERIES STATEMENT
Series statement Diary of a wimpy kid; Bk.19
650 ## - SUBJECT ADDED ENTRY--TOPICAL TERM
Topical term or geographic name as entry element Family vacation.
Form subdivision Fiction.
9 (RLIN) 86942
655 ## - INDEX TERM--GENRE/FORM
Genre/form data or focus term Humorous stories.
942 ## - ADDED ENTRY ELEMENTS (KOHA)
Source of classification or shelving scheme
Koha item type Books/GRAPHICS
Holdings
Withdrawn status Lost status Source of classification or shelving scheme Damaged status Not for loan Collection code Home library Current library Shelving location Date acquired Total Checkouts Full call number Barcode Checked out Date last seen Date checked out Price effective from Koha item type
          SECONDARY Asian Hope Secondary Library Asian Hope Secondary Library Junior Fiction 11/20/2025 7 J FIC KIN 208770 05/01/2026 04/24/2026 04/24/2026 11/20/2025 Books/GRAPHICS

For any Logos Library related questions please contact Miss Art at swongnarasuk@asianhope.org.

For any Asian Hope Library related questions please contact Miss Raza at graza@asianhope.org.

Click here to explore our ebooks!

Powered by Koha